000 00505nam a2200121Ia 4500
008 220615s9999||||xx |||||||||||||| ||und||
100 _aBaltes-Löhr, Christel||Schneider, Erik
245 0 _aNormed Children
546 _aEnglish[eng]
650 _aLaw||Gender Studies||Youth||Gender||Medicine||Ethics||Education Studies||Educational Research||Diversity In Gender||Education||Cultural Studies||Childhood||Sociology of Family
856 _uhttp://www.transcript-verlag.de/978-3-8376-3020-6/
942 _cEB
999 _c10980
_d10980